Cinéma - Ils ont joué dans le même film - 1 - Statistiques

Statistiques générales
  • Ce quiz a été pris 274 fois
  • Le résultat moyen est 9 sur 20
Statistiques - réponses
Hint Réponse % Correct
Ocean's Eleven Pitt/Clooney
73%
Will Hunting Damon/Williams
67%
Gangs of New York Day-Lewis/Di Caprio
57%
Rocky 4 Lundgren/Stallone
53%
Basic Instinct Stone/Douglas
52%
Love Actually Grant/Thompson
51%
Manon des sources Auteuil/Béart
50%
Borsalino Delon/Belmondo
46%
Expendables : Unité spéciale Stallone/Schwarzenegger
45%
Le Transporteur Statham/Berleand
45%
Et pour quelques dollars de plus Eastwood/Van Cleef
44%
Jason Bourne Cassel/Damon
40%
Les Ripoux Lhermitte/Noiret
40%
Les Anges gardiens Depardieu/Clavier
39%
Le Vieux fusil Noiret/Schneider
33%
La Tour infernale Newman/McQueen
31%
Impitoyable Hackman/Eastwood
30%
La Couleur de l'argent Newman/Cruise
28%
Le Milliardaire Montand/Monroe
26%
Certains l'aiment chaud Curtis/Lemmon
24%
Aucun quiz correspondant
Distribution des résultats
% des personnes avec chaque résultat
Percentile par nombre de réponses
Votre historique - résultats
Vous n’avez pas pris ce quiz